Statistics for Countries From Four Words #13

Click here to take the quiz!

General Stats

  • This quiz has been taken 324 times
  • The average score is 26 of 44

Answer Stats

Answer% Correct
Chile
98%
Tonga
98%
Samoa
97%
Burma
96%
Mali
78%
China
76%
Armenia
75%
Togo
75%
Laos
73%
Albania
70%
Angola
70%
Oman
69%
Austria
66%
Iran
66%
Algeria
65%
Ghana
65%
Bhutan
62%
Gabon
60%
Australia
59%
Gambia
58%
Bahrain
57%
Brunei
56%
Niger
56%
Belgium
52%
Mongolia
52%
Romania
52%
Cuba
51%
Guinea
51%
Malta
51%
Bulgaria
50%
Estonia
48%
Israel
48%
Bahamas
46%
Croatia
45%
Belarus
44%
Somalia
44%
Serbia
42%
Colombia
41%
Cameroon
39%
Suriname
39%
Monaco
37%
Lesotho
33%
Guatemala
28%
Nicaragua
22%

Score Distribution

Percentile by Number Answered

Percent of People with Each Score

Your Score History

You have not taken this quiz